000 00353cam a22001097a 4500
008 180718b1958 xxu||||| |||| 00| 0 eng d
082 _aD6142
245 _aCommonwealth or Colonialism?
_cby Central Office of Information
260 _aLondon
_bCentral Office of Information
_c1958
300 _a13p.
700 _aUnited Kingdom. Central Office of Information
999 _c490303
_d490303